00647nam a2200181 a 450000100100000000500170001000800410002704000250006808200130009310000290010624500860013526000380022130000210025950400280028050500290030895201110033799900170044800004136920201002034829.0131001s1962 xxu 001 0 spa d aDO-SdBNPbengcBNPHU axxxbxxx1 aGrazia, Alfred de96802010aPolitics and government. :bthe elements of politicalscience /cAlfred de Grazia. aNew York :bCollier Books,c1962. a388 p. ;c18 cm. aBibliography p: 369-3732 tPolitical Behaviorgv. 1 001050718MOaGRbGRcCTd2013-10-01iLF1l0oxxx xxxp41369-10r2020-06-25w2020-06-25y1ZNo se presta c40859d40859